<?xml version="1.0" encoding="UTF-8"?><?xml-stylesheet type="text/xsl" href="static/style.xsl"?><OAI-PMH xmlns="http://www.openarchives.org/OAI/2.0/" xmlns:xsi="http://www.w3.org/2001/XMLSchema-instance" xsi:schemaLocation="http://www.openarchives.org/OAI/2.0/ http://www.openarchives.org/OAI/2.0/OAI-PMH.xsd"><responseDate>2026-04-27T21:50:20Z</responseDate><request verb="GetRecord" identifier="oai:uvadoc.uva.es:10324/72155" metadataPrefix="marc">https://uvadoc.uva.es/oai/request</request><GetRecord><record><header><identifier>oai:uvadoc.uva.es:10324/72155</identifier><datestamp>2025-01-21T08:36:54Z</datestamp><setSpec>com_10324_38</setSpec><setSpec>col_10324_852</setSpec></header><metadata><record xmlns="http://www.loc.gov/MARC21/slim" xmlns:doc="http://www.lyncode.com/xoai" xmlns:xsi="http://www.w3.org/2001/XMLSchema-instance" xmlns:dcterms="http://purl.org/dc/terms/" xsi:schemaLocation="http://www.loc.gov/MARC21/slim http://www.loc.gov/standards/marcxml/schema/MARC21slim.xsd">
<leader>00925njm 22002777a 4500</leader>
<datafield tag="042" ind1=" " ind2=" ">
<subfield code="a">dc</subfield>
</datafield>
<datafield tag="720" ind1=" " ind2=" ">
<subfield code="a">Martín Garzón, Juan</subfield>
<subfield code="e">author</subfield>
</datafield>
<datafield tag="260" ind1=" " ind2=" ">
<subfield code="c">2024</subfield>
</datafield>
<datafield tag="520" ind1=" " ind2=" ">
<subfield code="a">Este trabajo explora las particularidades de la educación y crianza en dos de las principales ciudades-estado de la Grecia clásica: Atenas y Esparta. Con este fin, se analiza la forma en la que se concibe la etapa infantil en el mundo griego, atendiendo y destacando la importancia de los juegos y juguetes como herramientas educativas durante los primeros años de vida de los infantes. Asimismo, se examina y contrapone el modo en el que se concibe la educación en Atenas y Esparta y su correlación con dos modelos políticos y sociales diversos, considerando el papel que la educación juega en la formación de los futuros ciudadanos. Se reserva un apartado especial para tratar la educación femenina en ambas poleis, en especial, las diferencias que se observan entre mujeres y varones, pero también entre atenienses y espartanas.</subfield>
</datafield>
<datafield tag="520" ind1=" " ind2=" ">
<subfield code="a">This work explores the particularities of education and upbringing in two of the main Classical Greek city-states: Athens and Sparta. To this end, the way in which the infancy stage is conceived in the Greek world is analysed, attending to and highlighting the importance of games and toys as educational tools during the first years of infantryman life. Additionally, it also examines and contrasts how education was conceived in Athens and Sparta and its correlation with two different political and social models, considering the role that education plays in forming future citizens. A special section is reserved to deal with female education in these two poleis, in particular, the differences observed both between women and men, but also between Athenians and Spartans.</subfield>
</datafield>
<datafield tag="024" ind2=" " ind1="8">
<subfield code="a">https://uvadoc.uva.es/handle/10324/72155</subfield>
</datafield>
<datafield tag="245" ind1="0" ind2="0">
<subfield code="a">Educación y crianza en la Grecia clásica: una comparación entre Atenas y Esparta</subfield>
</datafield>
</record></metadata></record></GetRecord></OAI-PMH>